000 00321nam a2200133Ia 4500
008 191201s2014 xx 000 0 und d
100 _aASWATHAPPA, K
245 0 _aOrganisational Behaviour
250 _aRep
260 _c2014
_bHimalaya Publication House
_aNew Delhi
300 _a766
650 _aMBA
942 _2ddc
_cBB
999 _c7648
_d7648